[Event "Fagernes op"]
[Site "Fagernes"]
[Date "2024.03.27"]
[Round "5"]
[White "Andersen, Morten"]
[Black "Gasland, Lukas Dominik"]
[Result "1-0"]
[WhiteElo "2178"]
[BlackElo "1985"]
[PlyCount "89"]
[EventDate "2024.03.24"]
[EventType "swiss"]
[EventRounds "9"]
[EventCountry "NOR"]
[SourceTitle "CB14_2024"]
[SourceDate "2024.04.01"]
[SourceVersion "1"]
[SourceVersionDate "2024.04.01"]
[SourceQuality "1"]

1. d4 Nf6 2. c4 e6 3. g3 c5 4. d5 exd5 5. cxd5 d6 6. Nc3 g6 7. Nf3 Bg7 8. Bg2 0-0 9. 0-0 Na6 10. Nd2 Nc7 11. a4 b6 12. Nc4 Ba6 13. Na3 Qd7 14. Bf4 Nh5 15. Bg5 Rfe8 16. Bf3 Re5 17. Qd2 f6 18. Be3 Rae8 19. g4 Rxe3 20. fxe3 Bh6 21. Ne4 f5 22. gxh5 fxe4 23. Bg2 Re5 24. hxg6 Nxd5 25. gxh7+ Qxh7 26. Nc2 Qg6 27. Kh1 Kh8 28. a5 Rh5 29. Qe1 b5 30. Qf2 b4 31. b3 Bg7 32. Rae1 Nf6 33. Qf4 Rg5 34. Rg1 Bh6 35. Qxd6 Ng4 36. Qg3 Bg7 37. Bh3 Bc8 38. Qh4+ Rh5 39. Qd8+ Kh7 40. Bxg4 Bxg4 41. Rg2 Qh6 42. Qc7 Bh3 43. Rgg1 Be6 44. Rd1 Bxb3 45. Rxg7+ 1-0

[Event "Fagernes op"]
[Site "Fagernes"]
[Date "2024.03.24"]
[Round "1"]
[White "Doshi, Moksh Amitbhai"]
[Black "Gasland, Lukas Dominik"]
[Result "1-0"]
[WhiteElo "2353"]
[BlackElo "1985"]
[PlyCount "53"]
[EventDate "2024.03.24"]
[EventType "swiss"]
[EventRounds "9"]
[EventCountry "NOR"]
[SourceTitle "CB14_2024"]
[SourceDate "2024.04.01"]
[SourceVersion "1"]
[SourceVersionDate "2024.04.01"]
[SourceQuality "1"]

1. c4 c5 2. g3 Nf6 3. Bg2 g6 4. Nc3 Bg7 5. e3 0-0 6. Nge2 Nc6 7. 0-0 d6 8. d4 cxd4 9. exd4 Bf5 10. h3 h5 11. b3 Qd7 12. Kh2 Rac8 13. Ba3 d5 14. cxd5 Na5 15. Qd2 b5 16. Nf4 Bh6 17. Rfe1 Rfe8 18. Ne4 Nxe4 19. Bxe4 Bxe4 20. Rxe4 Bxf4 21. Qxf4 Qxd5 22. Bxe7 Rc2 23. Re5 Qd7 24. Bf6 Nc6 25. Rxe8+ Qxe8 26. d5 Nd8 27. Bd4 1-0

[Event "Benidorm op-A"]
[Site "Benidorm"]
[Date "2023.11.04"]
[Round "8"]
[White "Gasland, Lukas Dominik"]
[Black "Blanco Sanchez, Jose Fernando"]
[Result "0-1"]
[WhiteElo "1867"]
[BlackElo "1953"]
[PlyCount "60"]
[EventDate "2023.10.29"]
[EventType "swiss"]
[EventRounds "9"]
[EventCountry "ESP"]
[SourceTitle "Mega2024 Update 01"]
[Source "Chessbase"]
[SourceDate "2023.11.12"]
[SourceVersion "1"]
[SourceVersionDate "2023.11.12"]
[SourceQuality "1"]

1. e4 c6 2. d4 d5 3. e5 g6 4. f4 h5 5. Nf3 Bg4 6. Bd3 e6 7. 0-0 Nh6 8. c3 Qb6 9. Nbd2 Nf5 10. Nb3 Nd7 11. h3 Bxf3 12. Qxf3 h4 13. Be3 0-0-0 14. Rfc1 Kb8 15. c4 dxc4 16. Bxf5 gxf5 17. d5 Qa6 18. dxc6 Nb6 19. Nc5 Bxc5 20. Bxc5 Rd3 21. Bd6+ Ka8 22. Qf1 bxc6 23. b3 Rg8 24. Kh1 Rd2 25. Qf3 Rgxg2 26. bxc4 Rh2+ 27. Kg1 Qc8 28. c5 Qg8+ 29. Kf1 Nd5 30. Rc3 Rhf2+ 0-1

[Event "Benidorm op-A"]
[Site "Benidorm"]
[Date "2023.11.02"]
[Round "6"]
[White "Ghita, Vlad Bogdan"]
[Black "Gasland, Lukas Dominik"]
[Result "1-0"]
[WhiteElo "1914"]
[BlackElo "1867"]
[PlyCount "69"]
[EventDate "2023.10.29"]
[EventType "swiss"]
[EventRounds "9"]
[EventCountry "ESP"]
[SourceTitle "Mega2024 Update 01"]
[Source "Chessbase"]
[SourceDate "2023.11.12"]
[SourceVersion "1"]
[SourceVersionDate "2023.11.12"]
[SourceQuality "1"]

1. e4 c5 2. Nf3 d6 3. d4 cxd4 4. Nxd4 Nf6 5. Bd3 Nc6 6. Be3 Ng4 7. Nxc6 bxc6 8. Bd2 Nf6 9. c4 g6 10. Nc3 Bg7 11. 0-0 0-0 12. Re1 e5 13. Qe2 Rb8 14. b3 Be6 15. Rad1 Qd7 16. Bc1 Qe7 17. Ba3 Nh5 18. g3 Rbd8 19. Bb1 Rd7 20. Rd3 Rfd8 21. Red1 Bh3 22. Qd2 Bf8 23. Qe2 Qg5 24. Bc1 Qe7 25. g4 Bxg4 26. Qxg4 Nf6 27. Qg2 Nh5 28. Rh3 Kh8 29. Kh1 Qe6 30. Rg1 f6 31. Bc2 Rg7 32. Qg4 Qf7 33. Bh6 Rg8 34. Be3 Ng7 35. Qxg6 1-0